Zacielené na Afriku
Summit ekonomického zoskupenia BRICS o spoločnom postupe a združovaní finančných kapacít. Upriamenie pozornosti na hospodársky priestor s enormným potenciálom - na Afriku. Partnerstvo na rozvoj, integráciu a industrializáciu. Čínsko-ruská súhra. Zriadenie spoločného rezervného fondu.
Saved in:
| Main Author: | |
|---|---|
| Format: | Book Chapter |
| Language: | Slovak |
| Subjects: | |
| Tags: |
No Tags, Be the first to tag this record!
|
MARC
| LEADER | 00000naa a2200000 4500 | ||
|---|---|---|---|
| 001 | 0167916 | ||
| 005 | 20231113081629.7 | ||
| 041 | 0 | |a slo | |
| 044 | |a SK | ||
| 245 | 1 | 0 | |a Zacielené na Afriku |c Adrian Peter Pressburg |
| 520 | |a Summit ekonomického zoskupenia BRICS o spoločnom postupe a združovaní finančných kapacít. Upriamenie pozornosti na hospodársky priestor s enormným potenciálom - na Afriku. Partnerstvo na rozvoj, integráciu a industrializáciu. Čínsko-ruská súhra. Zriadenie spoločného rezervného fondu. | ||
| 610 | 2 | 0 | |a spolupráca hospodárska medzinárodná |
| 610 | 2 | 0 | |a združenia hospodárske medzinárodné |
| 610 | 2 | 0 | |a summity |
| 610 | 2 | 0 | |a BRICS |
| 610 | 2 | 0 | |a Brazília |
| 610 | 2 | 0 | |a Rusko |
| 610 | 2 | 0 | |a India |
| 610 | 2 | 0 | |a Čína |
| 610 | 2 | 0 | |a Juhoafrická republika |
| 100 | 1 | |a Pressburg, Adrian Peter | |